الإمام الشافعي :الاحتفاء بذكرى مور اثني عشرر قرنا علي وفاته ;; al-Imām al-Shāfiʻī : (Record no. 77855)
[ view plain ]
| 000 -LEADER | |
|---|---|
| fixed length control field | 01689cam a2200361 a 4500 |
| 001 - CONTROL NUMBER | |
| control field | 77855 |
| 003 - CONTROL NUMBER IDENTIFIER | |
| rucl marc code | BD-RjUL |
| 005 - DATE AND TIME OF LATEST TRANSACTION | |
| control field | 20211209083039.0 |
| 008 - FIXED-LENGTH DATA ELEMENTS--GENERAL INFORMATION | |
| fixed length control field | 210130s1994 le b 100 0dara |
| 035 ## - SYSTEM CONTROL NUMBER | |
| System control number | (BD-RjUL)78081 |
| 040 ## - CATALOGING SOURCE | |
| Original cataloging agency | DLC-R |
| Transcribing agency | DLC-R |
| Language of cataloging | eng |
| 041 ## - LANGUAGE CODE | |
| Language code of text/sound track or separate title | ara |
| 042 ## - AUTHENTICATION CODE | |
| Authentication code | lcode |
| -- | pcc |
| 066 ## - CHARACTER SETS PRESENT | |
| Alternate G0 or G1 character set | (3 |
| 082 ## - DEWEY DECIMAL CLASSIFICATION NUMBER | |
| Edition number | 23 |
| Classification number | 340.59092 |
| Author mark and year | SHI 1994 |
| 100 1# - MAIN ENTRY--PERSONAL NAME | |
| Personal name | شافعي، محمد بن إدريس. ;; Shafi'i, Muhammad bin Idris. |
| 9 (RLIN) | 246044 |
| 245 03 - TITLE STATEMENT | |
| Title | الإمام الشافعي :الاحتفاء بذكرى مور اثني عشرر قرنا علي وفاته ;; al-Imām al-Shāfiʻī : |
| Statement of responsibility, etc. | Ibn usman al tawijri Abdul Ajij ;; ابن عثمان, التويجري عبدالعزيز |
| 250 ## - EDITION STATEMENT | |
| Edition statement | al-Ṭabʻah 1. |
| 260 ## - PUBLICATION, DISTRIBUTION, ETC. (IMPRINT) | |
| Place of publication, distribution, etc. | [Beirut] : |
| Name of publisher, distributor, etc. | al-Munaẓẓamah al-Islāmīyah lil-Tarbiyah wa-al-ʻUlūm wa-al-Thaqāfah, Īsīskū, |
| Date of publication, distribution, etc. | 1994 |
| 300 ## - PHYSICAL DESCRIPTION | |
| Pagination | v. ; |
| Size | 24 cm. |
| 504 ## - BIBLIOGRAPHY, ETC. NOTE | |
| Bibliography, etc | Includes bibliographical references. |
| 505 ## - FORMATTED CONTENTS NOTE | |
| Formatted contents note | Vol. 1.البحوث المقدمة باللغة العربية |
| 600 10 - SUBJECT ADDED ENTRY--PERSONAL NAME | |
| Personal name | Shāfiʻī, Muḥammad ibn Idrīs, |
| Dates associated with a name | 767 or 768-820. |
| 650 #0 - SUBJECT ADDED ENTRY--TOPICAL TERM | |
| Topical term or geographic name as entry element | Islamic law |
| Form subdivision | Biography |
| -- | Congresses. |
| 9 (RLIN) | 244162 |
| Topical term or geographic name as entry element | Shafiites. |
| 9 (RLIN) | 246047 |
| 700 1# - ADDED ENTRY--PERSONAL NAME | |
| Personal name | Abū ʻAlī, Muḥammad. |
| 830 ## - SERIES ADDED ENTRY--UNIFORM TITLE | |
| Uniform title | Silsilat al-Dirāsāt al-Islāmīyah (ISESCO (Organization)) |
| 880 ## - ALTERNATE GRAPHIC REPRESENTATION | |
| a | [Rabat] : |
| b | المنظمة الإسلامية للتربية والعلوم والثقافة، إيسيسكو، |
| c | 2001. |
| Linkage | 600-05/(3/r |
| a | شافعي، محمد بن إدريس. |
| 942 ## - ADDED ENTRY ELEMENTS (KOHA) | |
| Source of classification or shelving scheme | Dewey Decimal Classification |
| Koha item type | Books |
| Lost status | Source of classification or shelving scheme | Damaged status | Not for loan | Collection code | Permanent Location | Current Location | Shelving location | Date acquired | Source of acquisition | Total Checkouts | Full call number | Date last seen | Copy number | Koha item type |
|---|---|---|---|---|---|---|---|---|---|---|---|---|---|---|
| Dewey Decimal Classification | Not For Loan | Non-fiction | Central Library, University of Rajshahi | Central Library, University of Rajshahi | Reading Room | 11/08/1996 | R.U. V.C.Office | A 340.59092 SHI V-1 1994 | 15/03/2021 | C-1 | Books |